Decision and Game Theory for Security 8th International Conference, GameSec 2017, Vienna, Austria, October 23-25, 2017, Proceedings /

This book constitutes the refereed proceedings of the 8th International Conference on Decision and Game Theory for Security, GameSec 2017, held in Vienna, Austria, in October 2017. The 24 revised full papers presented together with 4 short papers were carefully reviewed and selected from 71 submissi...

Full description

Bibliographic Details
Corporate Author: SpringerLink (Online service)
Other Authors: Rass, Stefan (Editor), An, Bo (Editor), Kiekintveld, Christopher (Editor), Fang, Fei (Editor), Schauer, Stefan (Editor)
Format: Electronic eBook
Language:English
Published: Cham : Springer International Publishing : Imprint: Springer, 2017.
Series:Lecture Notes in Computer Science, 10575
Subjects:
Online Access:Full Text via HEAL-Link
LEADER 04416nam a22006135i 4500
001 978-3-319-68711-7
003 DE-He213
005 20171003144018.0
007 cr nn 008mamaa
008 171003s2017 gw | s |||| 0|eng d
020 |a 9783319687117  |9 978-3-319-68711-7 
024 7 |a 10.1007/978-3-319-68711-7  |2 doi 
040 |d GrThAP 
050 4 |a QA76.9.A25 
072 7 |a UR  |2 bicssc 
072 7 |a UTN  |2 bicssc 
072 7 |a COM053000  |2 bisacsh 
082 0 4 |a 005.8  |2 23 
245 1 0 |a Decision and Game Theory for Security  |h [electronic resource] :  |b 8th International Conference, GameSec 2017, Vienna, Austria, October 23-25, 2017, Proceedings /  |c edited by Stefan Rass, Bo An, Christopher Kiekintveld, Fei Fang, Stefan Schauer. 
264 1 |a Cham :  |b Springer International Publishing :  |b Imprint: Springer,  |c 2017. 
300 |a XI, 534 p. 137 illus.  |b online resource. 
336 |a text  |b txt  |2 rdacontent 
337 |a computer  |b c  |2 rdamedia 
338 |a online resource  |b cr  |2 rdacarrier 
347 |a text file  |b PDF  |2 rda 
490 1 |a Lecture Notes in Computer Science,  |x 0302-9743 ;  |v 10575 
505 0 |a Game theory and mechanism design for security and privacy -- Pricing and economic incentives for building dependable and secure systems -- Dynamic control, learning, and optimization and approximation techniques -- Decision making and decision theory for cybersecurity and security requirements engineering -- Socio-technological and behavioral approaches to security -- Risk assessment and risk management -- Security investment and cyber insurance -- Security and privacy for the Internet-of-Things (IoT), cyber-physical systems, resilient control systems -- New approaches for security and privacy in cloud computing and for critical infrastructure -- Security and privacy of wireless and mobile communications, including user location privacy -- Game theory for intrusion detection -- Empirical and experimental studies with game-theoretic or optimization analysis for security and privacy. 
520 |a This book constitutes the refereed proceedings of the 8th International Conference on Decision and Game Theory for Security, GameSec 2017, held in Vienna, Austria, in October 2017. The 24 revised full papers presented together with 4 short papers were carefully reviewed and selected from 71 submissions. The papers address topics such as Game theory and mechanism design for security and privacy; Pricing and economic incentives for building dependable and secure systems; Dynamic control, learning, and optimization and approximation techniques; Decision making and decision theory for cybersecurity and security requirements engineering; Socio-technological and behavioral approaches to security; Risk assessment and risk management; Security investment and cyber insurance; Security and privacy for the Internet-of-Things (IoT), cyber-physical systems, resilient control systems; New approaches for security and privacy in cloud computing and for critical infrastructure; Security and privacy of wireless and mobile communications, including user location privacy; Game theory for intrusion detection; and Empirical and experimental studies with game-theoretic or optimization analysis for security and privacy. 
650 0 |a Computer science. 
650 0 |a Computer communication systems. 
650 0 |a Computer security. 
650 0 |a Algorithms. 
650 0 |a Management information systems. 
650 0 |a Game theory. 
650 1 4 |a Computer Science. 
650 2 4 |a Systems and Data Security. 
650 2 4 |a Information Systems Applications (incl. Internet). 
650 2 4 |a Computer Communication Networks. 
650 2 4 |a Algorithm Analysis and Problem Complexity. 
650 2 4 |a Management of Computing and Information Systems. 
650 2 4 |a Game Theory, Economics, Social and Behav. Sciences. 
700 1 |a Rass, Stefan.  |e editor. 
700 1 |a An, Bo.  |e editor. 
700 1 |a Kiekintveld, Christopher.  |e editor. 
700 1 |a Fang, Fei.  |e editor. 
700 1 |a Schauer, Stefan.  |e editor. 
710 2 |a SpringerLink (Online service) 
773 0 |t Springer eBooks 
776 0 8 |i Printed edition:  |z 9783319687100 
830 0 |a Lecture Notes in Computer Science,  |x 0302-9743 ;  |v 10575 
856 4 0 |u http://dx.doi.org/10.1007/978-3-319-68711-7  |z Full Text via HEAL-Link 
912 |a ZDB-2-SCS 
912 |a ZDB-2-LNC 
950 |a Computer Science (Springer-11645)